000 00642nam a22002057i 4500
999 _c23303
_d23303
003 AR-CdUCM
008 250528b20242024 pe||||| |||| 00| 0 spa d
020 _a9788492114702
040 _aMUNICIPALIDAD PROVINCIAL DEL CUSCO
_cBIBLIOTECA MUNICIPAL DEL CUSCO
041 _hspa
082 _aEP / 807 / B95P
_bB95P
100 _aBustamante Quispe, Mario
_951181
245 _aEl Paraíso Escondido :
_bOjotín y Goyo
260 _aCusco :
_bAutor-Editor
_c2024
300 _a82 páginas :
_bIlustraciones
_c24x17 cm.
505 _aTasorintsi
856 _fwww.edicionesaltazor.blogstop.com
942 _2ddc
_cLIBROS
945 _apbjr
_d28-05-2025